[Event "AUTO-OPEN-1138"]
[Site "http://www.queenalice.com/game.php?id=445570"]
[Date "2008.8.8"]
[Round "2"]
[White "ilhado"]
[Black "Jackzapo"]
[Result "1-0"]
[WhiteElo "1913"]
[BlackElo "1937"]

1. e4 e5 2. f4 Nc6 3. Nf3 f6 4. Bc4 Bb4 5. c3 Ba5 6. O-O d6 7. fxe5 fxe5 8. d4
Bb6 9. Kh1 Bg4 10. Bg5 Nf6 11. Qd3 Qe7 12. a4 a6 13. Nbd2 O-O-O 14. b4 h6 15.
Bh4 g5 16. Bf2 Bxf3 17. Nxf3 Rhf8 18. a5 Ba7 19. b5 Nb8 20. Rfb1 axb5 21. Bxb5
d5 22. Nxe5 Nxe4 23. Bg1 c6 24. Ng6 Qd6 25. Nxf8 Rxf8 26. Ba4 g4 27. Rf1 Nd7 28.
Rxf8+ Nxf8 29. Bc2 Nd7 30. Qe3 Ndf6 31. Bxe4 Nxe4 32. a6 b5 33. g3 h5 34. Kg2
Qg6 35. Rf1 Kc7 36. Qf4+ Kb6 37. Qf8 Nxc3 38. Qc5+ 1-0

[Event "AUTO-OPEN-1139"]
[Site "http://www.queenalice.com/game.php?id=461798"]
[Date "2008.9.11"]
[Round "2"]
[White "Pedro666"]
[Black "ilhado"]
[Result "1/2-1/2"]
[WhiteElo "2358"]
[BlackElo "1990"]

1. d4 d5 2. c4 e6 3. Nf3 Nf6 4. g3 c6 5. Qc2 Be7 6. Bg2 O-O 7. O-O Re8 8. Nbd2
Nbd7 9. e4 dxe4 10. Nxe4 Nxe4 11. Qxe4 Nf6 12. Qe2 Qc7 13. h3 b6 14. Ne5 Bb7 15.
Bf4 Bd6 16. Rac1 c5 17. dxc5 bxc5 18. Bxb7 Qxb7 19. Rfd1 Red8 20. Rd2 Bc7 21.
Rcd1 Rxd2 22. Rxd2 Rd8 23. Bg5 Rd4 24. Rxd4 cxd4 25. Bxf6 gxf6 26. Qg4+ Kf8 27.
Nd7+ Ke7 28. Qxd4 e5 29. Qd2 Qc6 30. Nxf6 Qxf6 31. b4 Qc6 32. Qg5+ Qf6 33. Qd2
Qf5 34. h4 Qe6 35. c5 a6 36. Qg5+ Qf6 37. Qg4 Qe6 38. Qg5+ Qf6 39. Qg4 Qe6
1/2-1/2

[Event "AUTO-OPEN-1139"]
[Site "http://www.queenalice.com/game.php?id=461799"]
[Date "2008.9.11"]
[Round "2"]
[White "ilhado"]
[Black "Pedro666"]
[Result "0-1"]
[WhiteElo "1992"]
[BlackElo "2363"]

1. e4 Nf6 2. e5 Nd5 3. d4 d6 4. Nf3 Bg4 5. Be2 c6 6. c4 Nb6 7. Qc2 dxe5 8. dxe5
Bxf3 9. Bxf3 Qd4 10. e6 Qxc4 11. Qxc4 Nxc4 12. b3 Ne5 13. Be4 fxe6 14. Bb2 Nbd7
15. O-O Ng4 16. h3 Ngf6 17. Bc2 g6 18. Re1 Kf7 19. Nd2 Bg7 20. Rad1 Rhd8 21. Nc4
Ne8 22. Rd3 Bxb2 23. Nxb2 Nc7 24. Rde3 Nf6 25. Nc4 Rd4 26. Ne5+ Kg7 27. Rd3 Rad8
28. Red1 Rxd3 29. Rxd3 Rd5 30. f4 Nh5 31. Rxd5 Nxd5 32. Kh2 Nhxf4 33. g3 Ne2 34.
Nc4 Nd4 35. Bd3 Nf3+ 36. Kh1 Kf6 37. Be4 Nd4 38. Kg2 Nc3 39. Bd3 Nxa2 40. Kf2
Nxb3 0-1

[Event "AUTO-OPEN-1139"]
[Site "http://www.queenalice.com/game.php?id=461802"]
[Date "2008.9.11"]
[Round "2"]
[White "HelderNanques"]
[Black "ilhado"]
[Result "1-0"]
[WhiteElo "2095"]
[BlackElo "2004"]

1. c4 Nf6 2. Nc3 g6 3. g3 Bg7 4. Bg2 O-O 5. Nf3 Nc6 6. O-O d6 7. d3 h6 8. e3 e5
9. Ne4 Be6 10. Rb1 Nxe4 11. dxe4 Bxc4 12. b3 Bxf1 13. Bxf1 Qe7 14. Ba3 Rad8 15.
Bc4 Na5 16. Be2 Qe6 17. Qd2 b6 18. Rc1 c5 19. Kg2 Kh7 20. h4 f5 21. exf5 Qxf5
22. Bd1 e4 23. Nh2 Nc6 24. Bg4 Qf7 25. Rf1 Ne5 26. Bd1 Qf5 27. Bc1 d5 28. Bb2
Rf7 29. g4 Qd7 30. h5 Rdf8 31. hxg6+ Nxg6 32. Bxg7 Kxg7 33. Kg3 Qd6+ 34. Kg2
Nh4+ 35. Kg1 Qe5 36. Qe1 Qg5 37. Kh1 Nf3 38. Bxf3 Rxf3 39. Kg2 R3f6 40. Qc3 Kg8
41. Qe1 h5 42. Qe2 hxg4 43. Qxg4 Qxg4+ 44. Nxg4 Rg6 45. Kh3 Rf5 46. Rg1 Kf8 47.
Kg3 Ke7 48. Rh1 d4 49. exd4 cxd4 50. Rh7+ Rf7 51. Rh5 Kd6 52. Re5 Re7 53. Rf5
Reg7 54. Rf4 Kd5 55. Rf5+ Ke6 56. Re5+ Kd6 57. Rxe4 Kc5 58. f3 d3 59. Rc4+ Kd5
60. Kf2 b5 61. Rc8 Re7 62. Ne3+ Ke6 63. f4 Rf6 64. Rc6+ Kf7 65. Rxf6+ Kxf6 66.
Nd5+ Ke6 67. Nxe7 Kxe7 68. Ke3 d2 69. Kxd2 Ke6 70. Ke3 Kd5 71. Kd3 a6 72. b4 1-0

[Event "AUTO-OPEN-1139"]
[Site "http://www.queenalice.com/game.php?id=461803"]
[Date "2008.9.11"]
[Round "2"]
[White "ilhado"]
[Black "HelderNanques"]
[Result "1/2-1/2"]
[WhiteElo "1934"]
[BlackElo "2143"]

1. e4 d5 2. exd5 Qxd5 3. Nc3 Qa5 4. d4 Nf6 5. Nf3 Bf5 6. Bd3 c6 7. O-O e6 8. Ne5
Nbd7 9. Bf4 Be7 10. Re1 O-O 11. Nxd7 Nxd7 12. Qf3 Bxd3 13. Qxd3 Qh5 14. Ne4 Nb6
15. c3 Nd5 16. Bd2 Nf6 17. Re3 Qd5 18. c4 Qh5 19. Rh3 Qf5 20. Nxf6+ Bxf6 21.
Qxf5 exf5 22. Bc3 Rfe8 23. Re3 Re4 24. Rxe4 fxe4 25. Re1 Re8 26. Re2 Bg5 27. Bd2
Bf6 28. Bc3 h6 29. g3 Kh7 30. Kg2 Bd8 31. d5 cxd5 32. cxd5 f5 33. a4 g5 34. f3
exf3+ 35. Kxf3 Rxe2 36. Kxe2 Kg6 37. Be5 Bf6 38. Bc3 Bxc3 39. bxc3 Kf6 40. Ke3
Ke5 41. c4 b6 42. h3 a6 43. Kf3 b5 44. axb5 axb5 45. cxb5 Kxd5 46. Ke3 h5 47. h4
gxh4 48. gxh4 Kc5 49. Kf4 Kxb5 50. Kxf5 Kc6 51. Kg6 Kd7 1/2-1/2

[Event "AUTO-OPEN-1177"]
[Site "http://www.queenalice.com/game.php?id=474706"]
[Date "2008.10.8"]
[Round "2"]
[White "ilhado"]
[Black "NatanEstivallet"]
[Result "1-0"]
[WhiteElo "2013"]
[BlackElo "1826"]

1. d4 d5 2. c4 e6 3. Nc3 Nf6 4. Bg5 Be7 5. e3 O-O 6. Nf3 c5 7. Ne5 cxd4 8. exd4
Nc6 9. Be2 h6 10. Be3 dxc4 11. Bxc4 Nb4 12. O-O Nbd5 13. Qf3 Nxc3 14. bxc3 Nd7
15. Nxf7 Nb6 16. Nxh6+ gxh6 17. Qg4+ Bg5 18. Bxe6+ Bxe6 19. Qxe6+ Kh8 20. Bxg5
Qxg5 21. a4 Rae8 22. Qa2 Rg8 23. g3 h5 24. a5 Nd5 25. c4 Nc3 26. Qb2 Ne2+ 27.
Kg2 h4 28. d5+ Rg7 29. Rfe1 hxg3 30. fxg3 Nxg3 31. Rxe8+ Kh7 32. Qe5 Nf5+ 33.
Kf2 Qh4+ 34. Ke2 Qxc4+ 35. Kf3 Nd4+ 36. Kf2 1-0

[Event "AUTO-OPEN-1177"]
[Site "http://www.queenalice.com/game.php?id=474707"]
[Date "2008.10.8"]
[Round "2"]
[White "NatanEstivallet"]
[Black "ilhado"]
[Result "0-1"]
[WhiteElo "1835"]
[BlackElo "2004"]

1. d4 d5 2. c4 e6 3. Nc3 Nf6 4. cxd5 exd5 5. Bg5 c6 6. e3 Bf5 7. Nf3 Bd6 8. Bd3
Bxd3 9. Qxd3 O-O 10. O-O Nbd7 11. a4 Re8 12. a5 Qc7 13. Rfc1 Rac8 14. a6 Qb8 15.
axb7 Qxb7 16. Ra2 Bb4 17. Qa6 Rc7 18. Rca1 Bd6 19. Qxb7 Rxb7 20. Rxa7 Rxb2 21.
Nd1 Rbb8 22. g3 h6 23. Bxf6 Nxf6 24. Kf1 Ne4 25. Rd7 Re7 26. Rxe7 Bxe7 27. Ne5
Rc8 28. f3 Nd2+ 29. Ke2 Nb3 30. Ra7 Kf8 31. Nb2 c5 32. dxc5 Nxc5 33. Nd7+ Nxd7
34. Rxd7 Rc2+ 35. Kd3 Rxb2 36. Rxd5 Rxh2 0-1

[Event "tournament01"]
[Site "http://www.queenalice.com/game.php?id=491152"]
[Date "2008.11.10"]
[Round "3"]
[White "Dream_Attack"]
[Black "ilhado"]
[Result "0-1"]
[WhiteElo "1451"]
[BlackElo "2002"]

1. e4 c5 2. d3 Nc6 3. Nf3 d6 4. Be2 Nf6 5. h3 e6 6. O-O Be7 7. a3 O-O 8. c3 a6
9. b4 b5 10. bxc5 dxc5 11. a4 Qa5 12. e5 Nd5 13. d4 Rd8 14. Nbd2 Nxc3 15. Nb3
Nxd1 16. Nxa5 Nxa5 17. Bxd1 b4 18. dxc5 Bxc5 19. Bc2 Bb7 20. Ne1 b3 21. Bb1 Bd4
22. Ra3 Bd5 23. Nf3 Bc3 24. Rd1 Rab8 25. Nd4 Rdc8 26. Be3 Bb2 27. Nxb3 Bxa3 28.
Nxa5 Bb4 29. Bd2 Bxd2 30. Rxd2 Rxb1+ 31. Kh2 Rc5 32. Nb3 Rxb3 33. f4 Rc4 34. g3
Rxa4 35. Rc2 Rc4 36. Re2 a5 37. h4 a4 38. Kh3 Rcc3 39. Ra2 a3 0-1

[Event "AUTO-OPEN-1176"]
[Site "http://www.queenalice.com/game.php?id=530315"]
[Date "2009.1.27"]
[Round "2"]
[White "ilhado"]
[Black "Silver_Mosquito"]
[Result "0-1"]
[WhiteElo "2041"]
[BlackElo "2179"]

1. d4 d5 2. c4 c6 3. Nc3 Nf6 4. Qc2 e6 5. Bg5 Nbd7 6. Nf3 dxc4 7. e4 b5 8. a3
Qb6 9. Be2 Bb7 10. O-O c5 11. Rad1 cxd4 12. Nxd4 a6 13. Bf3 Bc5 14. Be3 Ne5 15.
Be2 Nfg4 16. Qc1 Rd8 17. h3 Nxe3 18. fxe3 O-O 19. Kh1 Bxd4 20. exd4 Rxd4 21.
Rxd4 Qxd4 22. Qf4 Nd3 23. Bxd3 cxd3 24. Rd1 e5 25. Qf3 Rd8 26. Rf1 Rd7 0-1

[Event "AUTO-OPEN-1176"]
[Site "http://www.queenalice.com/game.php?id=530316"]
[Date "2009.1.27"]
[Round "2"]
[White "Silver_Mosquito"]
[Black "ilhado"]
[Result "1-0"]
[WhiteElo "2142"]
[BlackElo "2029"]

1. d4 d5 2. c4 e6 3. Nc3 Nf6 4. cxd5 Nxd5 5. e4 Nxc3 6. bxc3 c5 7. Nf3 Qc7 8.
Bd3 Be7 9. O-O O-O 10. Be3 Nd7 11. e5 b6 12. Nd2 f5 13. f4 Bb7 14. Nf3 Rac8 15.
Bc4 cxd4 16. Bxe6+ Kh8 17. cxd4 Bc6 18. d5 1-0

[Event "AUTO-ADV-996"]
[Site "http://www.queenalice.com/game.php?id=548479"]
[Date "2009.3.1"]
[Round "2"]
[White "ilhado"]
[Black "GMcruz"]
[Result "0-1"]
[WhiteElo "2012"]
[BlackElo "2056"]

1. d4 d5 2. c4 c6 3. e3 Nf6 4. Nc3 e6 5. Bd3 dxc4 6. Bxc4 Be7 7. Nge2 O-O 8. O-O
c5 9. Qc2 Nc6 10. Rd1 cxd4 11. Nxd4 Nxd4 12. exd4 a6 13. Bg5 b5 14. Bd3 h6 15.
Bh4 Bb7 16. d5 Nxd5 17. Nxd5 Bxd5 18. Bxe7 Qxe7 19. b3 Rac8 20. Qb2 Qg5 21. g3
Qg4 22. Be2 Qe4 23. Rxd5 Qxd5 24. Rd1 Qc5 25. Bf3 Rfd8 26. Rxd8+ Rxd8 27. h4 Qd4
0-1

[Event "AUTO-ADV-996"]
[Site "http://www.queenalice.com/game.php?id=548480"]
[Date "2009.3.1"]
[Round "2"]
[White "GMcruz"]
[Black "ilhado"]
[Result "1-0"]
[WhiteElo "2041"]
[BlackElo "2027"]

1. d4 d5 2. c4 c6 3. Nf3 Nf6 4. Nc3 dxc4 5. a4 e6 6. e4 Be7 7. Bxc4 O-O 8. O-O
a5 9. Bg5 Qc7 10. Qe2 Nbd7 11. Bd3 Re8 12. e5 Nd5 13. Bxe7 Rxe7 14. Nxd5 exd5
15. Ra3 Nf8 16. Bb1 Bg4 17. Qc2 h6 18. Nh4 Qd7 19. f4 1-0

[Event "tournament01"]
[Site "http://www.queenalice.com/game.php?id=548804"]
[Date "2009.3.1"]
[Round "4"]
[White "Matrick"]
[Black "ilhado"]
[Result "1-0"]
[WhiteElo "2327"]
[BlackElo "2031"]

1. d4 d5 2. c4 e6 3. e3 Bb4+ 4. Bd2 Bxd2+ 5. Nxd2 Ne7 6. Ngf3 c6 7. Bd3 O-O 8.
O-O dxc4 9. Nxc4 Nd7 10. Qc2 h6 11. a3 Qc7 12. b4 b6 13. Rac1 Bb7 14. Nfe5 Nf5
15. Bxf5 exf5 16. Qxf5 Nf6 17. Rfd1 Rad8 18. Nd2 Rd5 19. Ndf3 Rdd8 20. e4 Rfe8
21. d5 c5 22. h3 Bc8 23. Qf4 Qd6 24. bxc5 bxc5 25. Re1 Ba6 26. Qg3 Nh5 27. Qh4
Nf6 28. Nc6 1-0

[Event "AUTO-OPEN-1177"]
[Site "http://www.queenalice.com/game.php?id=559853"]
[Date "2009.3.22"]
[Round "3"]
[White "nenem"]
[Black "ilhado"]
[Result "1-0"]
[WhiteElo "1965"]
[BlackElo "1974"]

1. e4 c5 2. Nf3 d6 3. d4 cxd4 4. Qxd4 Nf6 5. Nc3 Nc6 6. Bb5 Bd7 7. Bxc6 Bxc6 8.
O-O e5 9. Bg5 h6 10. Bxf6 Qxf6 11. Qc4 Qd8 12. Nd5 Be7 13. Rad1 Bxd5 14. Rxd5
Rc8 15. Qa4+ Rc6 16. Nxe5 O-O 17. Nxc6 bxc6 18. Qxc6 Qb8 19. Rb5 Qd8 20. f3 1-0

[Event "AUTO-OPEN-1177"]
[Site "http://www.queenalice.com/game.php?id=559854"]
[Date "2009.3.22"]
[Round "3"]
[White "ilhado"]
[Black "nenem"]
[Result "0-1"]
[WhiteElo "1992"]
[BlackElo "1949"]

1. e4 e5 2. f4 exf4 3. Nf3 Be7 4. Bc4 Nf6 5. Nc3 O-O 6. O-O c6 7. d4 d5 8. exd5
Nxd5 9. Ne2 Nd7 10. Bxd5 cxd5 11. Bxf4 Nf6 12. Ng3 Bg4 13. Qd3 Bd6 14. Ne5 Re8
15. Rae1 Qb6 16. Kh1 Rac8 17. Nxg4 Nxg4 18. Bxd6 Rxe1 0-1

[Event "AUTO-OPEN-1177"]
[Site "http://www.queenalice.com/game.php?id=559857"]
[Date "2009.3.22"]
[Round "3"]
[White "QQ123"]
[Black "ilhado"]
[Result "1-0"]
[WhiteElo "2317"]
[BlackElo "1995"]

1. e4 e5 2. Nf3 Nc6 3. d4 exd4 4. Nxd4 Nf6 5. Nxc6 bxc6 6. e5 Nd5 7. c4 Bb4+ 8.
Bd2 Bxd2+ 9. Qxd2 Nb6 10. Bd3 O-O 11. O-O d6 12. exd6 cxd6 13. Nc3 Be6 14. b3 d5
15. Rad1 dxc4 16. Bxh7+ Kh8 17. Qf4 Qf6 18. Qxf6 gxf6 19. Bc2 cxb3 20. Bxb3 Rad8
21. Ne4 f5 22. Bxe6 fxe6 23. Ng5 Rxd1 24. Rxd1 Re8 25. Rc1 Rd8 26. Nf7+ 1-0

[Event "AUTO-OPEN-1177"]
[Site "http://www.queenalice.com/game.php?id=559858"]
[Date "2009.3.22"]
[Round "3"]
[White "ilhado"]
[Black "QQ123"]
[Result "0-1"]
[WhiteElo "1998"]
[BlackElo "2315"]

1. d4 Nf6 2. c4 c5 3. d5 b5 4. e3 Bb7 5. b3 g6 6. Nf3 Nxd5 7. Bb2 Nf6 8. Be2
bxc4 9. Bxc4 Bg7 10. O-O O-O 11. Nbd2 d5 12. Be2 Nbd7 13. Rc1 Qc7 14. b4 c4 15.
Nb3 Rad8 16. Na5 Ba8 17. Qa4 Ne4 18. Bxg7 Kxg7 19. Nd4 e5 20. Nf3 Ndf6 21. Qc2
Qb6 22. a3 Ng4 0-1